Southville International School and Colleges
Your cart is empty.
  • Cart
  • Lists
    Public lists Eva Luna New books Lux_list list_1
    Your lists Log in to create your own lists
  • Log in to your account
  • Your cookies
  • Search history
Southville International School and Colleges
  • Advanced search
  • Recent comments
  • Most popular
  • Libraries

Log in to your account

Log in with GOOGLE


If you do not have an external account, but do have a local account, you can still log in:

  1. Home
  2. MARC view: Arthur's nose /
Normal view MARC view ISBD view

Arthur's nose / (Record no. 111028)

[ view plain ]
MARC details
000 -LEADER
fixed length control field 00551nam a2200193 a 4500
001 - CONTROL NUMBER
control field 3944
005 - DATE AND TIME OF LATEST TRANSACTION
control field 20140414131907.0
008 - FIXED-LENGTH DATA ELEMENTS--GENERAL INFORMATION
fixed length control field 040714s19uu xx 00 eng d
020 ## - INTERNATIONAL STANDARD BOOK NUMBER
International Standard Book Number 0-316-11070-1
050 ## - LIBRARY OF CONGRESS CALL NUMBER
Classification number ER
Item number Ar1 1976
100 ## - MAIN ENTRY--PERSONAL NAME
Personal name Brown, Marc
245 ## - TITLE STATEMENT
Title Arthur's nose /
Statement of responsibility, etc by Marc Brown.
260 ## - PUBLICATION, DISTRIBUTION, ETC. (IMPRINT)
Place of publication, distribution, etc Boston :
Name of publisher, distributor, etc Little, Brown,
Date of publication, distribution, etc 1976.
300 ## - PHYSICAL DESCRIPTION
Extent 1 v. p. : ill. ; cm.
520 ## - SUMMARY, ETC.
Summary, etc Unhappy with his nose, Arthur visits the rhinologists to get a new one.
650 ## - SUBJECT ADDED ENTRY--TOPICAL TERM
Topical term or geographic name as entry element Nose
General subdivision Fiction.
650 ## - SUBJECT ADDED ENTRY--TOPICAL TERM
Topical term or geographic name as entry element Animals
General subdivision Fiction.
Holdings
Withdrawn status Lost status Damaged status Use restrictions Home library Current library Shelving location Date acquired Source of acquisition Total Checkouts Full call number Barcode Date last seen Price effective from Koha item type
        Munich Library Munich Library Easy Reading Section 07/14/2004     ER Ar1 1976 M1580 04/14/2014 04/14/2014 Books

Arthur's nose /

APA

Brown M., . (1976). Arthur's nose. Boston: Little, Brown.

Chicago

Brown Marc, . 1976. Arthur's nose. Boston: Little, Brown.

Harvard

Brown M., . (1976). Arthur's nose. Boston: Little, Brown.

MLA

Brown Marc, . Arthur's nose. Boston: Little, Brown. 1976.

  • Place hold
  • Print
  • Cite
  • Add to your cart (remove)
  • Save record
    BIBTEX Dublin Core MARCXML MARC (non-Unicode/MARC-8) MARC (Unicode/UTF-8) MARC (Unicode/UTF-8, Standard) MODS (XML) RIS
  • More searches
    Search for this title in:
    Other Libraries (WorldCat) Other Databases (Google Scholar) Online Stores (Bookfinder.com) Open Library (openlibrary.org)

Exporting to Dublin Core...

SOUTHVILLE LIBRARY

Southville International School and Colleges Library

1281 Tropical Ave. Cor. Luxembourg St., BF Homes International, Las Pinas City

Tel. No. 8256374 / 252358 Loc. 117/146

Powered by Koha